Shopping centre development pipeline 2012 (Record no. 83969)

MARC details
000 -LEADER
fixed length control field 01357cad a22002295a 4500
001 - CONTROL NUMBER
control field L156219
008 - FIXED-LENGTH DATA ELEMENTS--GENERAL INFORMATION
fixed length control field 120508s2012 xxk 000 0 eng d
035 ## - SYSTEM CONTROL NUMBER
System control number (Sirsi) u156219
041 0# - LANGUAGE CODE
Language code of text/sound track or separate title eng
110 2# - MAIN ENTRY--CORPORATE NAME
Corporate name or jurisdiction name as entry element British Council of Shopping Centres
9 (RLIN) 1982
245 00 - TITLE STATEMENT
Title Shopping centre development pipeline 2012
Medium [electronic resource]
260 ## - PUBLICATION, DISTRIBUTION, ETC.
Place of publication, distribution, etc. London
Name of publisher, distributor, etc. BCSC
Date of publication, distribution, etc. 2012
490 #0 - SERIES STATEMENT
Series statement BCSC Shopping Centre Development Pipeline
Volume/sequential designation 2012
520 ## - SUMMARY, ETC.
Summary, etc. Focusing on town centre development rather than out-of-town or supermarket schemes, asks what is actually happening with retail regeneration on developments over 50 000 sq ft? The development pipeline has effectively come to a halt. The completion of Westfield Stratford, Trinity Wakefield, and Parkway Newbury finished all the developments that had been initiated prior to the UK recession of 2008 / 09. Seeks to uncover the key drivers and difficulties that are influencing developers, retailers and local authorities.
520 ## - SUMMARY, ETC.
Summary, etc. Shopping centre development pipeline - the future - development constraints - impact of these constraints - conclusion.
590 ## - LOCAL NOTE (RLIN)
Local note KA
651 #4 - SUBJECT ADDED ENTRY--GEOGRAPHIC NAME
Geographic name United Kingdom
690 ## - LOCAL SUBJECT ADDED ENTRY--TOPICAL TERM (OCLC, RLIN)
Topical term or geographic name as entry element Commercial property
9 (RLIN) 6227
710 ## - ADDED ENTRY--CORPORATE NAME
Corporate name or jurisdiction name as entry element Lunson Mitchenall
9 (RLIN) 3792
856 40 - ELECTRONIC LOCATION AND ACCESS
Uniform Resource Identifier <a href="https://www.bcsc.org.uk/media/downloads/2012PipelineBrochure.pdf">https://www.bcsc.org.uk/media/downloads/2012PipelineBrochure.pdf</a>
Public note View the report at www.bcsc.org
942 ## - ADDED ENTRY ELEMENTS (KOHA)
Suppress in OPAC 0
Holdings
Withdrawn status Lost status Source of classification or shelving scheme Damaged status Not for loan Home library Current library Shelving location Date acquired Total Checkouts Full call number Barcode Date last seen Copy number Price effective from Koha item type
    Dewey Decimal Classification     Virtual Virtual Online 08/05/2012   ONLINE PUBLICATION 156219-2001 06/08/2019 1 06/08/2019 Book